[Event "33rd ECCC Open 2017"]
[Site "Antalya"]
[Date "2017.10.11"]
[Round "4"]
[White "Bjornsson, Sigurbjorn"]
[Black "Gantner, Matthias"]
[Result "1/2-1/2"]
[WhiteElo "2277"]
[BlackElo "2324"]
[Annotator "NA"]
[PlyCount "80"]
[EventType "team-tourn"]
[EventCountry "TUR"]
[SourceTitle "playchess.com"]
[Source "ChessBase"]
[SourceQuality "1"]
[WhiteTeam "Fjolnir"]
[BlackTeam "White Rose"]
[TimeControl "40/5400+30:1800+30"]

1. e4 {[%emt 0:00:30]} c5 {[%emt 0:01:00]} 2. Nf3 {[%emt 0:00:00]} d6 {[%emt 0:00:30]} 3. d4 {[%emt 0:00:00]} cxd4 {[%emt 0:00:30]} 4. Nxd4 {[%emt 0:00:30]} Nf6 {[%emt 0:00:00]} 5. Nc3 {[%emt 0:00:00]} a6 {[%emt 0:00:00]} 6. Be3 {[%emt 0:00:00] LiveBook: 18320 Games} e6 {[%emt 0:00:30]} 7. f3 {[%emt 0:00:00]} b5 {[%emt 0:00:00]} 8. Qd2 {[%emt 0:00:00]} b4 {[%emt 0:01:00] B80: Sicilian Scheveningen: 6 g3 and 6 Be3, including English Attack} (8... Nbd7 9. g4 h6 10. a3 Bb7 11. O-O-O Rc8 12. Kb1 d5 13. exd5 Nxd5 14. Nxd5 Bxd5 15. Be2 Bc5 16. Rhg1 O-O 17. h4 Ne5 18. f4 Nc4 19. Bxc4 bxc4 {0-1 (45) Ponomariov,R (2712)-Wojtaszek,R (2730) Khanty-Mansiysk 2017}) 9. Nce2 {[%emt 0:03:30]} e5 {[%emt 0:00:30]} 10. Nb3 {[%emt 0:00:30]} Nc6 {[%emt 0:01:30]} 11. g4 {[%emt 0:02:30]} h6 {[%emt 0:00:30]} 12. c4 {[%emt 0:03:30]} Be6 {[%emt 0:04:30]} 13. Ng3 {[%emt 0:01:30] [#]} Qc7 $146 {[%emt 0:14:30]} ({Predecessor:} 13... g6 14. h4 h5 15. g5 Nd7 16. Be2 a5 {1-0 (67) Lutz,C (2588)-Ftacnik,L (2553) Germany 2008}) 14. Be2 {[%emt 0:04:30]} Nd7 {[%emt 0:07:30]} 15. Rd1 {[%emt 0:09:30]} Rd8 {[%emt 0:02:30]} 16. O-O {[%emt 0:07:30]} Nc5 {[%emt 0:05:30]} 17. h4 $11 {[%emt 0:15:30]} Be7 {[%emt 0:03:30]} 18. h5 {[%emt 0:03:30]} O-O {[%emt 0:11:30]} 19. Kh1 {[%emt 0:10:30]} Kh7 {[%emt 0:11:30]} 20. Nf5 {[%emt 0:02:30]} Bxf5 {[%emt 0:04:30]} 21. gxf5 {[%emt 0:00:00]} Bh4 {[%emt 0:09:30]} 22. Rg1 {[%emt 0:15:01]} f6 {[%emt 0:03:18]} 23. Rg4 {[%emt 0:08:11]} Bg5 {[%emt 0:00:51]} 24. Rdg1 {[%emt 0:00:07]} Nxb3 {[%emt 0:03:14]} 25. axb3 {[%emt 0:00:06]} Nd4 {[%emt 0:00:00]} 26. Bd1 {[%emt 0:09:31]} Bxe3 {[%emt 0:05:14]} 27. Qxe3 {[%emt 0:00:08]} Rf7 {[%emt 0:01:36]} 28. Qe1 {[%emt 0:00:56]} a5 {[%emt 0:04:14]} 29. Qg3 {[%emt 0:00:17]} Rh8 {[%emt 0:02:16]} 30. Rg6 {[%emt 0:01:06]} Kg8 {[%emt 0:00:07]} 31. Qh4 {[%emt 0:00:28]} Qe7 {[%emt 0:00:55]} 32. Qe1 {[%emt 0:00:53]} Qc7 {[%emt 0:01:31]} 33. Qe3 {[%emt 0:00:35]} Kf8 {[%emt 0:00:19]} 34. Be2 {[%emt 0:01:05]} Qc5 {[%emt 0:01:06]} 35. Bd1 {[%emt 0:01:16]} Rh7 {[%emt 0:01:27]} 36. Qe1 {[%emt 0:01:00]} Nc6 {[%emt 0:00:40]} 37. R1g2 {[%emt 0:00:50]} Nd4 {[%emt 0:00:18]} 38. Qg1 {[%emt 0:00:07]} Nc6 {[%emt 0:01:03]} 39. Qe1 {[%emt 0:00:08]} Nd4 {[%emt 0:00:35]} 40. Qg1 {[%emt 0:00:00]} Nc6 {[%emt 0:00:46]} 1/2-1/2

[Event "33rd ECCC Open 2017"]
[Site "Antalya"]
[Date "2017.10.11"]
[Round "4"]
[White "Lavendelis, Egons"]
[Black "Barnaure, Vlad-Victor"]
[Result "0-1"]
[WhiteElo "2274"]
[BlackElo "2476"]
[Annotator "TA"]
[PlyCount "100"]
[EventType "team-tourn"]
[EventCountry "TUR"]
[SourceTitle "playchess.com"]
[Source "ChessBase"]
[SourceQuality "1"]
[WhiteTeam "Riga"]
[BlackTeam "Baia Mare"]

{[%evp 13,100,16,22,18,18,30,25,0,0,-4,9,0,49,42,53,0,0,0,0,-5,23,27,24,-7,4,0,0,0,0,-15,-13,-134,-86,-101,0,-43,0,0,18,20,22,22,34,0,40,0,0,0,0,0,0,0,-32,0,-31,-26,0,-143,-97,-156,-75,-174,-60,-43,0,-36,-33,-93,0,-251,-206,-533,-550,-1001,-951,-2422,-2433,-29986,-29987,-29993,-29994,-29994,-29995,-29995,-29996,-29996,-29997,-29997,-29998]} 1. e4 c5 2. Nf3 g6 3. c3 Bg7 4. d4 cxd4 5. cxd4 d5 6. e5 a6 {B27: Sizilianisch (Frühes Fianchetto)} (6... Bg4 7. Bb5+ Nd7 8. O-O e6 9. Nbd2 Ne7 10. h3 Bxf3 11. Nxf3 a6 12. Bd3 O-O 13. h4 f6 14. exf6 Bxf6 {1-0 (37) Andreikin,D (2736)-Savchenko,B (2613) Sochi 2016}) 7. Nc3 {[%cal Bb1c3,Bc3a4,Ba4b6][%mdl 32]} Nc6 {LiveBook: 3 Partien} 8. Qb3 e6 {Die Stellung ist ausgeglichen.} 9. Na4 Nge7 {[%cal Bg8e7,Be7f5,Bf5h4][%mdl 32]} 10. Nb6 $146 ({Vorgänger:} 10. Bg5 O-O 11. Be2 h6 12. Be3 Nf5 13. O-O f6 14. exf6 Bxf6 {1-0 (51) Norrelykke,S (2331)-Kolanek,R (2221) ICCF email 2014}) 10... Rb8 11. Bg5 h6 12. Bd2 Nf5 13. Bc3 $1 Nh4 14. Nd2 (14. Nxh4 $14 Qxh4 15. Bd3) 14... O-O 15. O-O-O f6 $36 {[%mdl 2048] Schwarz kämpft um Vorteil.} 16. f4 Nf5 17. Nf3 $1 fxe5 18. fxe5 g5 {[%cal Bg6g5,Bg5g4,Bg4g3][%mdl 32]} 19. Rd3 g4 20. Ne1 Bd7 $1 {[%cal Rd7e8]} 21. Nc2 Be8 22. h3 (22. Rd1 $1 $11) 22... g3 23. Be2 Nce7 ({Günstiger ist} 23... Bg6 $17) 24. a4 Ng6 {Weiss muss nun ...Sf4 beachten.} 25. Bd2 Ngh4 26. Rg1 Bg6 27. a5 Rf7 28. Rc3 Kh7 29. Bd3 h5 30. Kb1 Bh6 $1 {[%cal Rh6d2]} 31. Bxh6 Kxh6 32. Bxf5 Nxf5 33. Ka2 Qg5 {Und weiter mit ...Dd2 wäre nett.} 34. Rd1 h4 {Und ...Lh5 würde nun gewinnen.} 35. Rcd3 (35. Ne1 $11) 35... Rbf8 36. Ne1 (36. Na4 $142) 36... Ne7 (36... Ng7 $142 $1 37. Rc3 Bh5) 37. Nf3 {[#]} (37. Nd7 $17 Bxd3 38. Nxd3) 37... Qf4 (37... Qh5 $1 $19 38. Rc3 Nc6) 38. Nd7 $15 Rc8 {zielt auf ...Tc4 ab.} 39. Nf6 Bxd3 40. Rxd3 {[#]} Ng6 ({Besser ist} 40... Rc4 $1 $17 {Droht ...Dc1 und aus.} 41. Ng4+ Kg7) 41. Qb6 $2 {[%mdl 8192]} (41. Rc3 $11 Rxc3 42. Qxc3) 41... Qf5 $19 42. Rb3 $2 (42. Qb3) 42... Rc1 {( -> ...Db1+)} 43. Nd2 Qc2 44. Qxe6 Qd1 {[%csl Gd1][%cal Rc1a1]} 45. Ng4+ Kg5 {[%csl Gd1][%cal Rc1a1] Schwarz setzt Matt.} 46. Ka3 Ra1+ 47. Kb4 Qxd2+ 48. Kc5 Qxa5+ 49. Kd6 Qc7+ 50. Kxd5 Nf4+ {Precision: Weiß = 35%, Schwarz = 63%.} 0-1

[Event "33rd ECCC Open 2017"]
[Site "Antalya"]
[Date "2017.10.11"]
[Round "4"]
[White "Fejzullahu, Afrim"]
[Black "Quillan, Gary"]
[Result "0-1"]
[WhiteElo "2272"]
[BlackElo "2347"]
[Annotator "NA"]
[PlyCount "72"]
[EventType "team-tourn"]
[EventCountry "TUR"]
[SourceTitle "playchess.com"]
[Source "ChessBase"]
[SourceQuality "1"]
[WhiteTeam "Hasan Pristina"]
[BlackTeam "3CS Oldham"]
[TimeControl "40/5400+30:1800+30"]

1. e4 {[%emt 0:00:30]} e6 {[%emt 0:01:00]} 2. d4 {[%emt 0:00:00]} d5 {[%emt 0:00:30]} 3. Nc3 {[%emt 0:00:00]} Bb4 {[%emt 0:00:00]} 4. e5 {[%emt 0:01:30]} c5 {[%emt 0:00:00]} 5. a3 {[%emt 0:00:30]} Bxc3+ {[%emt 0:00:30]} 6. bxc3 {[%emt 0:00:30]} Ne7 {[%emt 0:00:00]} 7. Nf3 {[%emt 0:01:30]} b6 {[%emt 0:01:00]} 8. a4 {[%emt 0:01:30]} Ba6 {[%emt 0:01:30]} 9. Bb5+ {[%emt 0:04:30]} Bxb5 {[%emt 0:01:30]} 10. axb5 {[%emt 0:00:30]} Nd7 {[%emt 0:09:30]} 11. O-O {[%emt 0:01:30]} O-O {[%emt 0:04:30]} 12. Re1 {[%emt 0:01:30]} h6 {[%emt 0:05:30]} 13. Ra4 {[%emt 0:10:30]} a5 {[%emt 0:20:30]} 14. c4 {[%emt 0:16:30]} Rc8 {[%emt 0:16:30]} 15. Bd2 $15 {[%emt 0:14:30]} (15. cxd5 $11 Nxd5 16. Qd2) 15... cxd4 {[%emt 0:12:30]} 16. cxd5 {[%emt 0:00:30]} Nc5 {[%emt 0:00:30]} 17. Rxd4 {[%emt 0:01:30]} exd5 {[%emt 0:03:59]} 18. Rg4 {[%emt 0:09:30]} Nf5 {[%emt 0:03:45]} 19. Rf4 {[%emt 0:02:30]} Qd7 {[%emt 0:01:20]} 20. Bc1 {[%emt 0:08:30]} Ne7 {[%emt 0:03:34]} 21. Nd4 {[%emt 0:07:48]} Ne6 {[%emt 0:02:06]} 22. Rg4 {[%emt 0:07:06]} Nxd4 {[%emt 0:01:08]} 23. Rxd4 {[%emt 0:00:12]} Rfd8 {[%emt 0:02:13]} 24. Bxh6 {[%emt 0:06:00]} Nf5 {[%emt 0:02:32]} 25. Bg5 {[%emt 0:01:35]} Nxd4 {[%emt 0:00:42]} 26. Bxd8 {[%emt 0:00:56]} Nxc2 {[%emt 0:01:08]} 27. Re2 {[%emt 0:00:49]} Rxd8 {[%emt 0:02:03]} 28. Rxc2 {[%emt 0:00:45]} Qxb5 {[%emt 0:00:59]} 29. e6 {[%emt 0:00:16]} fxe6 {[%emt 0:01:01]} 30. Rc7 {[%emt 0:00:13]} d4 {[%emt 0:00:16]} 31. h4 {[%emt 0:00:26]} Qe5 {[%emt 0:01:23]} 32. Rb7 {[%emt 0:01:04]} d3 {[%emt 0:01:13]} 33. Rxb6 {[%emt 0:00:27]} d2 {[%emt 0:01:05]} 34. Rb1 {[%emt 0:00:15]} Qd4 {[%emt 0:00:29]} 35. g3 {[%emt 0:00:30]} a4 {[%emt 0:00:30]} 36. Ra1 {[%emt 0:00:00]} Qxa1 {[%emt 0:00:03]} 0-1

[Event "33rd ECCC Open 2017"]
[Site "Antalya"]
[Date "2017.10.12"]
[Round "4"]
[White "Dinev, Dejan"]
[Black "Khismatullin, Denis"]
[Result "0-1"]
[WhiteElo "2271"]
[BlackElo "2628"]
[Annotator "TA"]
[PlyCount "82"]
[EventType "team-tourn"]
[EventCountry "TUR"]
[SourceTitle "playchess.com"]
[Source "ChessBase"]
[SourceQuality "1"]
[WhiteTeam "Asseco See"]
[BlackTeam "Globus"]

{[%evp 11,82,6,2,0,7,10,6,0,6,18,13,0,0,0,0,-3,0,-30,-43,-52,-50,-54,-51,-49,-47,-57,-56,-52,-54,-51,-51,-54,-56,-56,-56,-66,-64,-62,-59,-55,-53,-57,-59,-76,-77,-83,-79,-87,-89,-108,-110,-129,-124,-128,-125,-147,-147,-145,-140,-145,-136,-135,-115,-137,-128,-168,-167,-252,-244,-1163,-1165,-1076,-1010]} 1. d4 Nf6 2. Nf3 e6 3. e3 b6 4. Bd3 Bb7 5. O-O d5 6. Nbd2 c5 7. c4 {D05: Colle System with ...e6} Nc6 8. cxd5 Qxd5 $146 {[%cal Rc5d4]} ({Predecessor:} 8... Nxd5 9. Nb3 Be7 10. a3 cxd4 11. Nfxd4 Nxd4 12. Nxd4 O-O 13. Qe2 Bf6 14. Rd1 {0-1 (59) Iliushkin,E (2264)-Dvoirys,S (2580) Samara 2012}) 9. e4 {The position is equal.} Qd8 10. Nb3 cxd4 11. Nbxd4 Nxd4 12. Nxd4 {[#] Hoping for Bb5+.} Bc5 13. Nb3 Nxe4 14. Qe2 Qd5 $36 {[%mdl 2048] ...Nxf2 is the strong threat. Black has some pressure.} 15. Bxe4 Qxe4 16. Qxe4 Bxe4 17. Nxc5 bxc5 18. Be3 c4 $1 19. Rfc1 Bd5 $1 20. b3 cxb3 21. axb3 a6 22. b4 O-O 23. Bb6 h5 24. f3 g5 25. Rc7 Kg7 26. Bc5 Rfb8 27. Ra5 Kg6 28. Rd7 Rc8 29. Kf2 Bc6 30. Rd6 Bb5 31. Rb6 Rd8 {aiming for ...Rd2+.} 32. Ra2 Rac8 33. Rd6 Rxd6 34. Bxd6 $17 {[%mdl 4096] Endgame KRB-KRB} Rc1 35. Rd2 Kf5 36. Be7 f6 37. Ke3 Rc3+ 38. Kd4 Ra3 39. Bd8 (39. Kc5 {was called for.}) 39... h4 $19 40. h3 $2 {[#]} (40. Kc5) 40... e5+ 41. Kc5 Rd3 {Precision: White = 34%, Black = 88%.} 0-1

[Event "33rd ECCC Open 2017"]
[Site "Antalya"]
[Date "2017.10.11"]
[Round "4"]
[White "Bjarnason, Oskar"]
[Black "Asadli, Vugar"]
[Result "0-1"]
[WhiteElo "2245"]
[BlackElo "2448"]
[Annotator "TA"]
[PlyCount "66"]
[EventType "team-tourn"]
[EventCountry "TUR"]
[SourceTitle "playchess.com"]
[Source "ChessBase"]
[SourceQuality "1"]
[WhiteTeam "Bonnevoie"]
[BlackTeam "Genc"]

{[%evp 11,66,29,59,14,14,19,21,14,26,6,46,41,29,33,35,-56,-66,-62,-60,-93,-41,-61,-67,-37,-40,-31,-25,-53,-59,-60,-43,-106,-81,-256,-268,-287,-260,-499,-496,-481,-489,-481,-454,-868,-854,-1325,-1298,-1238,-1218,-5335,-1107,-1064,-1072,-1904,-1766,-29990,-29991]} 1. b3 d6 2. Bb2 e5 3. d4 Nd7 4. e3 g6 5. dxe5 Bg7 6. Nf3 {A01: Larsen-Eröffnung} (6. Nc3 dxe5 7. Qd2 Ngf6 8. O-O-O O-O 9. Ba3 Re8 10. Nf3 a6 11. g4 e4 12. Ng5 {½-½ (29) Jobava,B (2710)-Guseinov,G (2621) Fujairah 2012}) 6... dxe5 {LiveBook: 16 Partien} 7. c4 Ne7 8. Nc3 {Die Stellung ist ausgeglichen.} O-O 9. Qd2 $146 ({Vorgänger:} 9. Qc2 c6 10. Rd1 Qb6 11. Be2 Nc5 {1-0 (42) Ljubojevic,L (2550)-Planinec,A (2520) Umag 1972}) 9... Nc6 10. h4 {[%cal Bh2h4,Bh4h5][%mdl 32]} h6 11. O-O-O a5 12. h5 {Droht stark hxg6.} g5 13. g4 (13. Bd3 $14) 13... a4 $1 $15 14. Nxa4 Qf6 15. Ne1 {[#]} Nb6 (15... Rxa4 $1 $17 16. bxa4 Nc5) 16. Nxb6 cxb6 17. f3 Rd8 $36 {[%mdl 2048] Weiss steht unter Druck.} 18. Bd3 $1 Rxa2 19. Kb1 Ra8 20. Qc3 $1 Be6 21. Rh2 (21. Be2 $15) 21... Bf8 22. Qc1 $2 {[#]} (22. Qc2 $17) 22... b5 $1 $19 {[%mdl 512]} 23. cxb5 Na5 {...Tdc8 ist eine echte Drohung.} 24. Bc4 $2 (24. Bc2 Nxb3 25. Rxd8 Qxd8 26. Qd1) 24... Rxd1 25. Qxd1 Nxc4 26. bxc4 Bxc4 27. Qd7 (27. Rc2 $142 Bb3 28. Qe2) 27... Qb6 28. Qf5 Ba2+ 29. Kc2 Qc5+ 30. Kd1 Bb3+ (30... Qxe3 $142 31. Qd3 Bb3+ 32. Rc2 Bxc2+ 33. Kxc2 Qxe1) 31. Ke2 Ra2 32. Kf1 Bc4+ 33. Nd3 Qxe3 {Precision: Weiß = 28%, Schwarz = 61%.} 0-1

[Event "33rd ECCC Open 2017"]
[Site "Antalya"]
[Date "2017.10.11"]
[Round "4"]
[White "Marsili, Riccardo"]
[Black "Persson, Mats"]
[Result "1/2-1/2"]
[WhiteElo "2219"]
[BlackElo "2292"]
[Annotator "NA"]
[PlyCount "101"]
[EventType "team-tourn"]
[EventCountry "TUR"]
[SourceTitle "playchess.com"]
[Source "ChessBase"]
[SourceQuality "1"]
[WhiteTeam "Augusta Perusia"]
[BlackTeam "Oslo"]
[TimeControl "40/5400+30:1800+30"]

1. c4 {[%emt 0:00:30]} e5 {[%emt 0:01:00]} 2. g3 {[%emt 0:00:30]} Nc6 {[%emt 0:00:00]} 3. Bg2 {[%emt 0:00:00]} g6 {[%emt 0:00:00]} 4. Nc3 {[%emt 0:00:00]} Bg7 {[%emt 0:00:30] LiveBook: 3474 Games} 5. d3 {[%emt 0:00:30]} f5 {[%emt 0:00:30]} 6. e3 {[%emt 0:00:30]} d6 {[%emt 0:00:30]} 7. Nge2 {[%emt 0:00:30]} Nf6 {[%emt 0:00:00]} 8. O-O {[%emt 0:00:30]} O-O {[%emt 0:00:00]} 9. Rb1 {[%emt 0:00:30]} a5 {[%emt 0:02:30]} 10. a3 {[%emt 0:00:30]} Be6 {[%emt 0:00:30]} 11. Nd5 {[%emt 0:01:30]} Bf7 {[%emt 0:02:30] A25: English Opening vs King's Indian with ...Nc6 but without early d3} (11... g5 12. f4 h6 13. Kh1 Kh8 14. Nec3 gxf4 15. exf4 Nd4 16. Nxf6 Qxf6 17. Bxb7 Rab8 18. Bg2 Qg6 19. Be3 {1-0 (31) Vidit,S (2689)-Amin,B (2662) Doha 2016}) 12. Nec3 {[%emt 0:03:30]} Qd7 {[%emt 0:03:30]} 13. b4 {[%emt 0:03:30]} axb4 {[%emt 0:00:30]} 14. axb4 {[%emt 0:00:00]} Nxd5 {[%emt 0:08:30]} 15. Nxd5 {[%emt 0:00:00]} Rfb8 {[%emt 0:02:30]} 16. b5 {[%emt 0:02:30]} Ne7 {[%emt 0:00:30]} 17. Qc2 $146 {[%emt 0:06:30]} ({Predecessor:} 17. Qb3 Nxd5 18. cxd5 b6 19. Bd2 Ra7 20. Ra1 Rba8 21. Rxa7 Rxa7 22. e4 Be8 23. Rb1 Qc8 24. Bh3 Bd7 25. Kg2 Bf6 26. Qc4 {½-½ (26) Vyskocil,N (2398)-Persson,M (2218) Vienna 2013}) 17... Nxd5 {[%emt 0:00:30]} 18. cxd5 {[%emt 0:00:30]} b6 {[%emt 0:00:30]} 19. Bd2 {[%emt 0:04:30]} Ra7 {[%emt 0:02:30]} 20. e4 {[%emt 0:06:30]} Rba8 {[%emt 0:10:30]} 21. Rfc1 {[%emt 0:16:30]} Ra2 {[%emt 0:16:30]} 22. Qd1 {[%emt 0:02:30]} Be8 {[%emt 0:02:30]} 23. Rc2 {[%emt 0:06:30]} Qf7 {[%emt 0:04:30]} 24. Qc1 {[%emt 0:04:30]} R8a7 {[%emt 0:04:30]} 25. f3 {[%emt 0:06:30]} Bf6 {[%emt 0:05:30]} 26. Bh3 {[%emt 0:09:30]} Rxc2 {[%emt 0:01:30]} 27. Qxc2 {[%emt 0:00:30]} Bd7 {[%emt 0:00:30]} 28. Qc1 {[%emt 0:02:30]} Qe8 {[%emt 0:11:44]} 29. Qb2 {[%emt 0:00:00]} Qa8 {[%emt 0:03:41]} 30. Qc1 {[%emt 0:00:00]} Kf7 {[%emt 0:02:47]} 31. Bc3 {[%emt 0:02:30]} Ra2 {[%emt 0:03:49]} 32. Bb2 {[%emt 0:01:30]} Qa7 {[%emt 0:03:02]} 33. exf5 {[%emt 0:02:50]} g5 {[%emt 0:01:10]} 34. f4 {[%emt 0:05:25]} gxf4 {[%emt 0:01:05]} 35. gxf4 {[%emt 0:00:30]} Bxb5 {[%emt 0:01:30]} 36. Qd1 {[%emt 0:04:33]} Qa4 {[%emt 0:02:53]} 37. Qc1 {[%emt 0:07:13]} c5 {[%emt 0:02:01]} 38. fxe5 {[%emt 0:00:33]} dxe5 {[%emt 0:00:30]} 39. Bc3 {[%emt 0:01:05]} Qh4 {[%emt 0:00:00]} 40. Rb2 {[%emt 0:00:00]} Bg5 {[%emt 0:04:18]} 41. Qf1 {[%emt 0:09:21]} Be3+ {[%emt 0:00:30]} 42. Kh1 {[%emt 0:03:54]} Rxb2 {[%emt 0:00:30]} 43. Bxb2 {[%emt 0:04:19]} Bd4 {[%emt 0:03:30]} 44. Bxd4 {[%emt 0:00:04]} Qxd4 {[%emt 0:01:30]} 45. Qe2 {[%emt 0:06:19]} Qxd5+ {[%emt 0:01:30]} 46. Bg2 {[%emt 0:01:22]} Qxd3 {[%emt 0:00:30]} 47. Qh5+ {[%emt 0:03:27]} Kf6 {[%emt 0:02:30]} 48. Qh4+ {[%emt 0:01:12]} Kxf5 {[%emt 0:01:30]} 49. Bh3+ $11 {[%emt 0:00:10]} Kg6 {[%emt 0:00:00]} 50. Qg4+ {[%emt 0:02:54]} Kf7 {[%emt 0:00:00]} 51. Qe6+ {[%emt 0:00:00]} 1/2-1/2

[Event "33rd ECCC Open 2017"]
[Site "Antalya"]
[Date "2017.10.12"]
[Round "4"]
[White "Baliasnyj, Timur"]
[Black "Navara, David"]
[Result "0-1"]
[WhiteElo "2218"]
[BlackElo "2726"]
[Annotator "TA"]
[PlyCount "60"]
[EventType "team-tourn"]
[EventCountry "TUR"]
[SourceTitle "playchess.com"]
[Source "ChessBase"]
[SourceQuality "1"]
[WhiteTeam "MAKABI"]
[BlackTeam "Novy Bor"]

{[%evp 15,60,42,55,61,78,26,38,2,0,-122,-149,-219,-208,-228,-220,-210,-208,-219,-205,-258,-252,-283,-256,-379,-367,-539,-532,-704,-693,-701,-690,-751,-697,-757,-402,-756,-754,-751,-738,-733,-732,-729,-733,-29985,-29986,-29986,-29987]} 1. Nf3 d5 2. g3 Nf6 3. Bg2 c5 4. O-O Nc6 5. d4 cxd4 6. Nxd4 e5 7. Nxc6 bxc6 8. c4 Rb8 {LiveBook: 3 Games. D02: 1 d4 d5 2 Nf3 sidelines, including 2...Nf6 3 g3 and 2...Nf6 3 Bf4} (8... Be6 9. Qa4 Qd7 10. Rd1 Rc8 11. Nc3 d4 12. e3 Be7 13. exd4 exd4 14. c5 Bxc5 15. Be3 dxe3 16. Rxd7 exf2+ {½-½ (49) Vachier Lagrave,M (2811)-Anand,V (2776) Bastia 2016}) 9. Bg5 Rxb2 10. Nc3 (10. Bxf6 $16 gxf6 11. cxd5) 10... Qa5 $11 {White has an edge.} 11. Bxf6 $146 ({Predecessor:} 11. Qd3 Bb4 12. Nd1 e4 13. Qd4 Rxe2 14. Qe5+ {1-0 (38) Istratescu,A (2651)-Khalifman,A (2614) Legnica 2013}) 11... gxf6 ({Don't play} 11... Qxc3 $6 12. Rc1 $16) 12. Qc1 {[#]} (12. Qd3 $11) 12... Rb4 $1 $17 {[%cal Rb4c4]} 13. Rb1 (13. Bxd5 $17 {was worth a try.} cxd5 14. Nxd5) 13... Rxc4 $19 14. Rb8 {[#]} Qc7 $1 {[%cal Rc7b8]} ({And not} 14... Qxc3 15. Rxc8+ Ke7 16. Qb1 $16) 15. Qb2 Bd6 16. Rb3 O-O 17. Nb1 Bf5 18. Rc1 Qa5 19. Nd2 (19. Nc3 $142) 19... Ra4 {[%cal Bc4a4,Ba4a2,Ba2d2,Bd2d1][%mdl 32]} 20. Rxc6 (20. Nf1 $142 Ba3 21. Rxa3 Rxa3 22. Rxc6 Rxa2 23. Qb3) 20... Rxa2 21. Qc1 Qxd2 22. Qxd2 Rxd2 23. g4 Be6 24. Rxd6 Rd1+ 25. Bf1 Rc8 26. f4 Rcc1 27. f5 Rxf1+ 28. Kg2 Rg1+ 29. Kf2 Rcf1+ 30. Ke3 d4+ {Precision: White = 41%, Black = 95%.} 0-1

[Event "33rd ECCC Open 2017"]
[Site "Antalya"]
[Date "2017.10.11"]
[Round "4"]
[White "Sukovic, Andrej"]
[Black "Naoum, Spyridon"]
[Result "1-0"]
[WhiteElo "2214"]
[BlackElo "2295"]
[Annotator "NA"]
[PlyCount "73"]
[EventType "team-tourn"]
[EventCountry "TUR"]
[SourceTitle "playchess.com"]
[Source "ChessBase"]
[SourceQuality "1"]
[WhiteTeam "Elektroprivreda"]
[BlackTeam "Chania"]
[TimeControl "40/5400+30:1800+30"]

1. e4 {[%emt 0:00:30]} c5 {[%emt 0:03:00]} 2. Nf3 {[%emt 0:00:30]} d6 {[%emt 0:00:30]} 3. d4 {[%emt 0:00:30]} cxd4 {[%emt 0:00:00]} 4. Nxd4 {[%emt 0:00:00]} Nf6 {[%emt 0:00:00]} 5. Nc3 {[%emt 0:01:00]} Nc6 {[%emt 0:01:30]} 6. Bc4 {[%emt 0:00:30]} e6 {[%emt 0:00:30]} 7. Be3 {[%emt 0:00:30]} Be7 {[%emt 0:00:30]} 8. Bb3 {[%emt 0:00:30]} a6 {[%emt 0:00:30]} 9. Qe2 {[%emt 0:00:00]} Qc7 {[%emt 0:08:30]} 10. O-O-O {[%emt 0:04:00]} Na5 {[%emt 0:01:30]} 11. g4 {[%emt 0:00:30]} b5 {[%emt 0:03:30]} 12. g5 {[%emt 0:00:30]} Nxb3+ {[%emt 0:00:30]} 13. axb3 {[%emt 0:01:30]} Nd7 {[%emt 0:00:30]} 14. h4 {[%emt 0:12:30]} Bb7 {[%emt 0:04:30] LiveBook: 16 Games} (14... b4 $5 {[%cal Rb4c3]} 15. Na4 Bb7 $15) 15. f3 {[%emt 0:00:30]} Nc5 {[%emt 0:06:30]} 16. h5 {[%emt 0:04:30]} b4 {[%emt 0:05:30]} 17. Na4 {[%emt 0:00:30]} Rc8 $14 {[%emt 0:06:30]} 18. Kb1 {[%emt 0:10:30]} Qa5 {[%emt 0:02:30]} 19. Qg2 {[%emt 0:08:30]} Nxa4 {[%emt 0:02:30]} 20. bxa4 {[%emt 0:00:00]} Qxa4 {[%emt 0:01:30]} 21. Qg4 {[%emt 0:10:00]} Rc5 {[%emt 0:22:30]} 22. Nb3 {[%emt 0:14:30]} Rc7 {[%emt 0:00:30]} 23. g6 {[%emt 0:02:30]} Bc8 {[%emt 0:11:48]} 24. h6 {[%emt 0:02:30]} Bf6 {[%emt 0:04:11]} 25. hxg7 {[%emt 0:01:30]} Bxg7 {[%emt 0:00:03]} 26. gxh7 {[%emt 0:00:30]} f6 {[%emt 0:04:14]} 27. Qg6+ {[%emt 0:00:30]} Kf8 {[%emt 0:00:37]} 28. Bh6 {[%emt 0:00:30]} Qd7 {[%emt 0:01:35]} 29. Rxd6 {[%emt 0:04:30]} Qxd6 {[%emt 0:00:22]} 30. Bxg7+ {[%emt 0:00:30]} Rxg7 {[%emt 0:00:10]} 31. Qxf6+ {[%emt 0:00:00]} Ke8 {[%emt 0:00:30]} 32. Qxg7 {[%emt 0:00:00]} Qf8 {[%emt 0:00:00]} 33. Qc7 {[%emt 0:00:30]} Bd7 {[%emt 0:00:22]} 34. Nc5 {[%emt 0:00:30]} Bb5 {[%emt 0:02:07]} 35. Qc8+ {[%emt 0:00:30]} Ke7 {[%emt 0:00:30]} 36. Qxe6+ {[%emt 0:00:30]} Kd8 {[%emt 0:00:01]} 37. Qb6+ {[%emt 0:01:30]} 1-0

[Event "33rd ECCC Open 2017"]
[Site "Antalya"]
[Date "2017.10.11"]
[Round "4"]
[White "Sahin, Ozgun"]
[Black "Mogranzini, Roberto"]
[Result "0-1"]
[WhiteElo "2210"]
[BlackElo "2501"]
[Annotator "TA"]
[PlyCount "52"]
[EventType "team-tourn"]
[EventCountry "TUR"]
[SourceTitle "playchess.com"]
[Source "ChessBase"]
[SourceQuality "1"]
[WhiteTeam "Besiktas"]
[BlackTeam "Padova"]

{[%evp 9,52,-40,-39,-67,-62,-114,-107,-126,-95,-120,-113,-126,-95,-91,-96,-98,-98,-132,-123,-168,-155,-173,-125,-244,-223,-491,-500,-496,-493,-539,-506,-504,-466,-706,-695,-1029,-968,-1095,-917,-837,-624,-795,-496,-2423,-2334]} 1. e4 d6 2. d4 Nf6 3. Nf3 Nxe4 4. Bd3 Nf6 5. c4 g6 6. Bg5 {B07: Pirc Defence: Miscellaneous Systems} Bg7 7. Qd2 ({Better is} 7. O-O $15) 7... Bg4 $146 ({Predecessor:} 7... O-O 8. Bh6 Nbd7 9. Nc3 e5 10. Bxg7 Kxg7 11. O-O-O {1-0 (21) Cubas,J (2438)-Vianello,E (2163) ICC INT 2009}) 8. Nc3 {Black is better.} Nc6 9. d5 Bxf3 $1 10. gxf3 Ne5 11. Be2 c6 12. f4 Ned7 13. f5 cxd5 14. fxg6 hxg6 15. cxd5 Rh3 16. Bf1 {[#]} (16. O-O $17) 16... Ne5 $1 $19 {[%cal Re5f3] Strongly threatening ...Nf3+.} 17. O-O-O $2 {[#]} (17. Bg2) 17... Rxc3+ $1 {[%mdl 512] Black is clearly winning.} 18. bxc3 Nf3 19. Qe3 Nxg5 20. Qxg5 Ne4 21. Qe3 (21. Qg4 $142 Nxf2 22. Qa4+ Kf8 23. Bb5) 21... Nxc3 22. Rd2 Rc8 23. Rc2 Nxa2+ 24. Kd1 Nc3+ 25. Ke1 Qa5 26. Bh3 (26. Qd2 $142 Rc5 27. Bd3) 26... Qxd5 {Precision: White =  6%, Black = 84%.} 0-1